survey on managing and processing of cow and buffalo hides at meanchey district, phnom penh ( ការអង្កេតលើការគ្រប់គ្រង និង កែច្នៃផលិតផលស្បែកគោ ក្របី នៅខណ្ឌមានជ័យ រាជធានីភ្នំពេញ) (Record no. 1970)

000 -LEADER
fixed length control field 00691nam a22001577a 4500
003 - CONTROL NUMBER IDENTIFIER
control field OSt
005 - DATE AND TIME OF LATEST TRANSACTION
control field 20151006083056.0
008 - FIXED-LENGTH DATA ELEMENTS--GENERAL INFORMATION
fixed length control field 151006b xxu||||| |||| 00| 0 eng d
040 ## - CATALOGING SOURCE
Transcribing agency RUA
082 ## - DEWEY DECIMAL CLASSIFICATION NUMBER
Classification number AVM PEN 2004 B074 Or.1
100 ## - MAIN ENTRY--PERSONAL NAME
9 (RLIN) 2086
Personal name PEN, SOMONY.
245 ## - TITLE STATEMENT
Title survey on managing and processing of cow and buffalo hides at meanchey district, phnom penh ( ការអង្កេតលើការគ្រប់គ្រង និង កែច្នៃផលិតផលស្បែកគោ ក្របី នៅខណ្ឌមានជ័យ រាជធានីភ្នំពេញ)
260 ## - PUBLICATION, DISTRIBUTION, ETC. (IMPRINT)
Place of publication, distribution, etc. Phnom Penh
Name of publisher, distributor, etc. RUA
Date of publication, distribution, etc. 2004
300 ## - PHYSICAL DESCRIPTION
Extent xi, 42p.
Other physical details ill.
Dimensions 29cm.
942 ## - ADDED ENTRY ELEMENTS (KOHA)
Source of classification or shelving scheme
Koha item type AVM
Holdings
Price effective from Date last seen Permanent Location Not for loan Date acquired Source of classification or shelving scheme Koha item type Barcode Lost status Damaged status Shelving location Withdrawn status Current Location Full call number
2015-10-062015-10-06Library Block B 2015-10-06 AVMRUA015097  B074 Library Block BAVM PEN 2004 B074 Or.1
2015-10-062015-10-06Library Block B 2015-10-06 AVMRUA015170  B074 Library Block BAVM PEN 2004 B074 Or.2
2015-10-062015-10-06Library Block B 2015-10-06 AVMRUA015026  B074 Library Block BAVM PEN 2004 B074 Or.3
2015-10-062015-10-06Library Block B 2015-10-06 AVMRUA015173  B074 Library Block BAVM PEN 2004 B074 Or.4
2015-10-072015-10-07Library Block B 2015-10-07 AVMRUA009196  B074 Library Block BAVM PEN 2004 B074 Or.5
2016-02-042016-02-04Library Block B 2016-02-04 AVMRUA043182  B074 Library Block BAVM PEN 2004 B074 Or.6
មជ្ឈមណ្ឌលឯការនៃសាកលវិទ្យាល័យភូមិន្ទកសិកម្មចំការដូង

Powered by Koha